000
00292nam a22001337a 4500
008
170919b xxu||||| |||| 00| 0 eng d
020
_a
9780030576386
041
_a
eng
080
_a
7
100
_a
44
101
_a
ART
245
_a
MAINSTREAMS OF MODERN ART
_c
CANADAY,J
942
_2
udc
_c
BK
999
_c
28315
_d
28315